Przyporządkuj państwo Europy do tablicy rejestracyjnej - Statystyki

Ogólne statystyki
  • Ten quiz został rozwiązany 64 razy
  • Średni wynik to 35 z 45
Odpowiedzi na mapie
Odpowiedzi zakodowano w zielono-czerwonej skali na mapie do tego quizu, zgodnie z poniższymi procentami.
 
Statystyki odpowiedzi
Odpowiedź % Poprawnych
IRL
94%
PL
94%
RUS
94%
UA
94%
CZ
92%
EST
92%
SK
92%
DK
89%
IS
89%
NL
89%
A
86%
BY
86%
F
86%
FIN
86%
UK
86%
AL
83%
BIH
83%
GR
83%
LT
83%
LV
83%
P
83%
RO
83%
SRB
83%
AND
81%
H
81%
SLO
81%
D
78%
B
75%
BG
75%
E
75%
MD
75%
MNE
75%
N
75%
S
75%
HR
72%
L
72%
NMK
72%
I
69%
RSM
64%
CH
61%
RKS
61%
SCV
53%
M
44%
FL
42%
MC
33%
Nie znaleziono quizów pasujących do podanych kryteriów
Rozkład punktacji
Procent ludzi z każdym wynikiem
Percentyl według liczby udzielonych odpowiedzi
Twoja historia wyników
Nie rozwiązałeś tego quizu